[Event "Hoogeveen Amateurs op 25th"]
[Site "Hoogeveen"]
[Date "2022.10.20"]
[Round "5.10"]
[White "Van der Meer, Henk"]
[Black "Schicktanz, Florian"]
[Result "0-1"]
[WhiteElo "1757"]
[BlackElo "1728"]
[PlyCount "44"]
[EventDate "2022.10.15"]
[EventType "swiss"]
[EventRounds "7"]
[EventCountry "NED"]
[SourceTitle "CBM 210 Extra"]
[Source "ChessBase"]
[SourceDate "2022.11.30"]
[SourceVersion "1"]
[SourceVersionDate "2022.11.30"]
[SourceQuality "1"]

1. e4 c5 2. Nc3 Nc6 3. Nf3 g6 4. d4 cxd4 5. Nxd4 Bg7 6. Be3 d6 7. Be2 Nf6 8. Qd2 h5 9. 0-0-0 0-0 10. h3 Qa5 11. Nb3 Qc7 12. Bh6 Be6 13. g4 Bxb3 14. axb3 Qa5 15. Kb1 Nb4 16. Bxg7 Kxg7 17. gxh5 Nxe4 18. Qd4+ Nf6 19. hxg6 fxg6 20. h4 Rac8 21. Bg4 e5 22. Qxd6 Rxc3 0-1

[Event "Gelsenkirchen Koenigsspringer op"]
[Site "Gelsenkirchen"]
[Date "2019.12.27"]
[Round "1"]
[White "Schicktanz, Florian"]
[Black "Sonnenschein, Philipp"]
[Result "0-1"]
[WhiteElo "1723"]
[BlackElo "2128"]
[PlyCount "80"]
[EventDate "2019.12.27"]
[EventType "swiss"]
[EventRounds "7"]
[EventCountry "GER"]
[SourceTitle "CBM 194 Extra"]
[Source "ChessBase"]
[SourceDate "2020.03.31"]
[SourceVersion "1"]
[SourceVersionDate "2020.03.31"]
[SourceQuality "1"]

1. d4 Nf6 2. Nf3 g6 3. g3 Bg7 4. Bg2 0-0 5. 0-0 d5 6. b3 c5 7. Bb2 cxd4 8. Bxd4 Nc6 9. Bb2 Re8 10. Ne5 Qd6 11. Nxc6 bxc6 12. c4 e5 13. e4 d4 14. Re1 Bg4 15. f3 Be6 16. Nd2 Nh5 17. Nf1 c5 18. Ne3 Rab8 19. Nd5 a5 20. Qd2 Qd8 21. Ba3 Bf8 22. f4 exf4 23. Nxf4 Nxf4 24. Qxf4 a4 25. Rab1 axb3 26. axb3 Qa5 27. Qc1 Bg7 28. Bf1 Rb7 29. Rd1 Ra8 30. Ra1 Rab8 31. Bb2 Qc7 32. Qg5 Rxb3 33. Ba3 Be5 34. Bd3 f6 35. Qd2 Bxg3 36. Bxc5 Rb2 37. Bc2 Qxc5 38. Qxd4 Qxd4+ 39. Rxd4 Be5 40. Rd2 Rxc2 0-1

[Event "Erfurt op-B 28th"]
[Site "Erfurt"]
[Date "2018.12.27"]
[Round "2"]
[White "Schicktanz, Florian"]
[Black "Rost, Detlef"]
[Result "1/2-1/2"]
[WhiteElo "1767"]
[BlackElo "1941"]
[PlyCount "129"]
[EventDate "2018.12.26"]
[EventType "swiss"]
[EventRounds "8"]
[EventCountry "GER"]
[SourceTitle "EXT 2021"]
[Source "ChessBase"]
[SourceDate "2020.10.23"]
[SourceVersion "1"]
[SourceVersionDate "2020.10.23"]
[SourceQuality "1"]

1. c4 e6 2. Nc3 d5 3. cxd5 exd5 4. d4 c6 5. Nf3 Nf6 6. Bg5 Be7 7. e3 Nbd7 8. Bd3 h6 9. Bh4 0-0 10. 0-0 Re8 11. Qc2 Ne4 12. Bxe7 Qxe7 13. Rac1 Nxc3 14. Qxc3 Qd6 15. Rfe1 a5 16. Qc2 Nf8 17. e4 dxe4 18. Bxe4 Bg4 19. Ne5 Be6 20. Nf3 a4 21. a3 Bb3 22. Qc3 Rad8 23. Nd2 Bd5 24. Bxd5 Qxd5 25. Nf3 Rxe1+ 26. Rxe1 Ne6 27. h3 Qd6 28. Qc4 b5 29. Qc3 Kf8 30. Qc2 g6 31. Rd1 Qd5 32. Qd2 Kg7 33. Qc3 Kh7 34. Qe3 c5 35. Qe5 cxd4 36. Qf6 Qf5 37. Qe7 Kg7 38. Qb7 d3 39. Qc6 Qd5 40. Qc3+ Kg8 41. Qf6 Qf5 42. Qxf5 gxf5 43. Ne5 Nc5 44. Kf1 Kg7 45. f4 Rd4 46. g3 f6 47. Nf3 Rc4 48. Ne1 Rd4 49. Nf3 Rd5 50. Ne1 h5 51. Kf2 Kf7 52. Ke3 d2 53. Rxd2 Rxd2 54. Kxd2 Ne4+ 55. Ke3 Nxg3 56. Nf3 Ne4 57. Nd4 Nd6 58. Kf3 Kg6 59. h4 Kf7 60. b3 axb3 61. Nxb3 Nc4 62. Nd4 Nxa3 63. Nxf5 Nc2 64. Nd6+ Ke6 65. Nxb5 1/2-1/2

[Event "Ruhrgebiet Verbandsklasse Gruppe 3 1617"]
[Site "Germany"]
[Date "2016.09.04"]
[Round "1.7"]
[White "Schicktanz, Florian"]
[Black "Schedlbauer, Daniel"]
[Result "1-0"]
[WhiteElo "1674"]
[BlackElo "1520"]
[PlyCount "75"]
[EventDate "2016.09.04"]
[EventType "team-tourn"]
[EventRounds "9"]
[EventCountry "GER"]
[SourceTitle "EXT 2022"]
[Source "ChessBase"]
[SourceDate "2021.10.06"]
[SourceVersion "1"]
[SourceVersionDate "2021.10.06"]
[SourceQuality "1"]
[WhiteTeam "Erkenschwick II"]
[BlackTeam "Recklinghausen Laeufer Ost"]
[WhiteTeamCountry "GER"]
[BlackTeamCountry "GER"]

1. c4 c5 2. g3 Nc6 3. Bg2 g6 4. Nc3 Bg7 5. Nf3 Nf6 6. d3 0-0 7. Bd2 d6 8. 0-0 Bd7 9. Rb1 Rc8 10. Qc1 e6 11. Bg5 Ne7 12. Bxf6 Bxf6 13. Ne4 Nf5 14. g4 Nh4 15. Nxh4 Bxh4 16. Nxd6 Rb8 17. Ne4 b6 18. g5 f5 19. Nf6+ Rxf6 20. gxf6 Qxf6 21. Qf4 Rd8 22. Qc7 Qg5 23. f4 Qg4 24. Rf3 e5 25. h3 Qh5 26. fxe5 Qg5 27. Rbf1 f4 28. Rxf4 Bxh3 29. Qf7+ Kh8 30. Qf6+ Qxf6 31. exf6 Bxg2 32. Kxg2 Bg5 33. Rg4 h6 34. Re4 Rf8 35. Re7 Bxf6 36. Rxa7 Kg8 37. Rb7 Bxb2 38. Rxf8+ 1-0

[Event "Dortmund Sparkassen op-B 44th"]
[Site "Dortmund"]
[Date "2016.07.16"]
[Round "8"]
[White "Schicktanz, Florian"]
[Black "Bashylina, Luisa"]
[Result "1-0"]
[WhiteElo "1679"]
[BlackElo "1548"]
[PlyCount "155"]
[EventDate "2016.07.09"]
[EventType "swiss"]
[EventRounds "9"]
[EventCountry "GER"]
[SourceTitle "CBM 173 Extra"]
[Source "ChessBase"]
[SourceDate "2016.08.29"]
[SourceVersion "1"]
[SourceVersionDate "2016.08.29"]
[SourceQuality "1"]

1. c4 e5 2. g3 Nc6 3. Bg2 d6 4. Nc3 f5 5. d3 Nf6 6. a3 g6 7. b4 Bg7 8. b5 Ne7 9. Bd2 0-0 10. Qb3 Kh8 11. Rb1 h6 12. h4 Qe8 13. Na4 Nd7 14. Nh3 Ng8 15. Bc3 Ngf6 16. Bb4 Qe7 17. Ba5 Qd8 18. d4 exd4 19. Nf4 Qe8 20. Bxc7 Nc5 21. Nxc5 dxc5 22. Bd6 Rg8 23. Bxc5 Ne4 24. Bxe4 fxe4 25. h5 g5 26. Ng6+ Kh7 27. Ne7 Rh8 28. Ng6 Rg8 29. Rd1 d3 30. Ne7 dxe2 31. Rd2 Rh8 32. Qe3 Bf6 33. Qxe4+ Kg7 34. Bd4 Bxd4 35. Qxd4+ Kh7 36. Rxe2 Qf7 37. Qe4+ Kg7 38. Qe5+ Kh7 39. Ng6 Rg8 40. Qe7 Rg7 41. Qxf7 Rxf7 42. Re8 b6 43. 0-0 Bb7 44. Rxa8 Bxa8 45. Re1 Rc7 46. Re7+ Rxe7 47. Nxe7 Bf3 48. Nc8 Bxh5 49. Nxa7 Bf7 50. Nc8 Bxc4 51. Nxb6 Bxb5 52. a4 Ba6 53. Na8 Bb7 54. Nc7 Kg8 55. a5 Kf7 56. a6 Bxa6 57. Nxa6 Kf6 58. Nc5 Kf5 59. Kg2 h5 60. Nd3 Ke4 61. Nc5+ Ke5 62. Kh3 Kf5 63. f3 Ke5 64. Nd3+ Kf5 65. f4 Kg6 66. fxg5 Kxg5 67. Nc5 Kf5 68. Kh4 Kg6 69. Nd3 Kh6 70. Nf4 Kg7 71. Kxh5 Kh7 72. g4 Kg7 73. g5 Kh7 74. g6+ Kg7 75. Kg5 Kg8 76. Kf6 Kf8 77. Nh5 Kg8 78. g7 1-0

[Event "Herne op 5th"]
[Site "Herne"]
[Date "2016.05.28"]
[Round "5"]
[White "Meyer, Ulrich"]
[Black "Schicktanz, Florian"]
[Result "1-0"]
[WhiteElo "1995"]
[BlackElo "1793"]
[PlyCount "51"]
[EventDate "2016.05.25"]
[EventType "swiss"]
[EventRounds "7"]
[EventCountry "GER"]
[SourceTitle "CBM 172 Extra"]
[Source "ChessBase"]
[SourceDate "2016.06.21"]
[SourceVersion "1"]
[SourceVersionDate "2016.06.21"]
[SourceQuality "1"]

1. e4 c5 2. d4 cxd4 3. c3 dxc3 4. Nxc3 Nc6 5. Nf3 g6 6. Bc4 Bg7 7. e5 Qa5 8. 0-0 a6 9. Re1 b5 10. Bb3 b4 11. Nd5 e6 12. Ne3 Nge7 13. Nc4 Qc7 14. Nd6+ Kf8 15. Bf4 Nf5 16. Nc4 Na5 17. Rc1 Nxb3 18. axb3 Qb7 19. Nd6 Nxd6 20. exd6 Bxb2 21. Rc7 Qb5 22. Qc2 Bc3 23. Rxc3 bxc3 24. Qxc3 Rg8 25. Bh6+ Ke8 26. Qf6 1-0

[Event "Dortmund Sparkassen op-B"]
[Site "Dortmund"]
[Date "2015.07.02"]
[Round "6"]
[White "Georg, Felix"]
[Black "Schicktanz, Florian"]
[Result "1-0"]
[WhiteElo "1775"]
[BlackElo "1693"]
[PlyCount "61"]
[EventDate "2015.06.27"]
[EventType "swiss"]
[EventRounds "9"]
[EventCountry "GER"]
[SourceTitle "CBM 167 Extra"]
[Source "ChessBase"]
[SourceDate "2015.09.14"]
[SourceVersion "1"]
[SourceVersionDate "2015.09.14"]
[SourceQuality "1"]

1. Nc3 d5 2. d4 Nf6 3. Bf4 Bf5 4. f3 c6 5. g4 Bg6 6. h4 h5 7. g5 Nfd7 8. e3 Qa5 9. Bd3 Bxd3 10. Qxd3 g6 11. Nge2 Bg7 12. 0-0 e5 13. dxe5 Nxe5 14. Bxe5 Bxe5 15. f4 Bg7 16. f5 Qa6 17. fxg6 Qxd3 18. gxf7+ Ke7 19. cxd3 Nd7 20. Nf4 Nf8 21. d4 Rd8 22. Nce2 Rd6 23. Ng3 Ng6 24. Nf5+ Kd7 25. Nxg6 Rxg6 26. Nxg7 Rf8 27. Nxh5 Ke7 28. Nf4 Rg7 29. g6 Rh8 30. h5 Kd6 31. h6 1-0

[Event "Dortmund Sparkassen op-B"]
[Site "Dortmund"]
[Date "2014.07.19"]
[Round "8"]
[White "Regber, Karl Heinz"]
[Black "Schicktanz, Florian"]
[Result "1/2-1/2"]
[WhiteElo "1553"]
[BlackElo "1827"]
[PlyCount "84"]
[EventDate "2014.07.12"]
[EventType "swiss"]
[EventRounds "9"]
[EventCountry "GER"]
[SourceTitle "EXT 2022"]
[Source "ChessBase"]
[SourceDate "2021.10.06"]
[SourceVersion "1"]
[SourceVersionDate "2021.10.06"]
[SourceQuality "1"]

1. d4 e6 2. e3 b6 3. Nf3 Bb7 4. Bd3 Nf6 5. Nbd2 c5 6. c3 Nc6 7. 0-0 d5 8. Ne5 Nxe5 9. dxe5 Nd7 10. f4 c4 11. Bc2 Bc5 12. Nf3 a5 13. Qe1 b5 14. Qg3 g6 15. Nd4 Qb6 16. Bd2 b4 17. Ba4 0-0-0 18. Qe1 Be7 19. Bxd7+ Rxd7 20. Nc2 Ba6 21. Nd4 Bc5 22. g4 Be7 23. Qg3 Rg8 24. g5 Bc5 25. Rf2 Bxd4 26. exd4 Qb5 27. Qh3 Rh8 28. Qh6 Qb6 29. Rf3 Qd8 30. Qg7 Rb7 31. Rh3 f5 32. Qh6 Qe7 33. Qh4 Qd7 34. Qe1 Qa4 35. Qd1 Qxd1+ 36. Rxd1 b3 37. axb3 Rxb3 38. Bc1 Kc7 39. Rd2 Kc6 40. Kf2 Rb7 41. Ke1 Bb5 42. Rf2 Ba4 1/2-1/2

[Event "Solingen Karneval op"]
[Site "Solingen"]
[Date "2013.02.09"]
[Round "2"]
[White "Balint, Levente"]
[Black "Schicktanz, Florian"]
[Result "1-0"]
[WhiteElo "1520"]
[BlackElo "1910"]
[PlyCount "67"]
[EventDate "2013.02.08"]
[EventType "swiss"]
[EventRounds "5"]
[EventCountry "GER"]
[SourceTitle "EXT 2015"]
[Source "ChessBase"]
[SourceDate "2014.11.20"]
[SourceVersion "1"]
[SourceVersionDate "2014.11.20"]
[SourceQuality "1"]

1. e4 c5 2. Nf3 Nc6 3. d4 cxd4 4. Nxd4 g6 5. Nc3 Bg7 6. Be3 d6 7. Be2 Bd7 8. Qd2 Rc8 9. f3 Ne5 10. Nd5 e6 11. Nb4 a5 12. Nd3 Nc4 13. Qc1 e5 14. Nb3 a4 15. Bf2 axb3 16. axb3 Bh6 17. f4 exf4 18. bxc4 f3 19. Qd1 fxe2 20. Qxe2 Nf6 21. Bh4 g5 22. Bg3 Rxc4 23. Nf2 Qc8 24. 0-0 Rxc2 25. Qf3 Bg7 26. Bxd6 Bb5 27. e5 Bc6 28. Qd3 Bxg2 29. exf6 Bxf1 30. Rxf1 Bxf6 31. Re1+ Kd7 32. Be5+ Ke6 33. Bc3+ Be5 34. Rxe5+ 1-0

[Event "Solingen Karneval op"]
[Site "Solingen"]
[Date "2013.02.09"]
[Round "3"]
[White "Schicktanz, Florian"]
[Black "Rist, Kurt"]
[Result "0-1"]
[WhiteElo "1910"]
[BlackElo "1658"]
[PlyCount "81"]
[EventDate "2013.02.08"]
[EventType "swiss"]
[EventRounds "5"]
[EventCountry "GER"]
[SourceTitle "EXT 2015"]
[Source "ChessBase"]
[SourceDate "2014.11.20"]
[SourceVersion "1"]
[SourceVersionDate "2014.11.20"]
[SourceQuality "1"]

1. d4 f5 2. Nf3 Nf6 3. c4 e6 4. Nc3 Bb4 5. e3 0-0 6. d5 Qe8 7. Qb3 Ba5 8. Bd2 Na6 9. Qa4 Bxc3 10. Bxc3 Nc5 11. Qc2 exd5 12. Bxf6 Rxf6 13. cxd5 d6 14. b4 Ne4 15. Bd3 Bd7 16. 0-0 Rc8 17. a4 c6 18. Qb3 Qf7 19. Bxe4 fxe4 20. Ng5 Qxd5 21. Qxd5+ cxd5 22. Kh1 h6 23. Nh3 g5 24. a5 Bb5 25. Rfc1 Rff8 26. Rd1 Bd3 27. f4 Rf5 28. g4 Rff8 29. fxg5 Be2 30. Rxd5 Bf3+ 31. Kg1 Rc2 32. Nf4 Rxf4 33. exf4 e3 34. Rxd6 Rg2+ 35. Kf1 e2+ 36. Ke1 Rg1+ 37. Kf2 Rxa1 38. Re6 Rf1+ 39. Kg3 hxg5 40. f5 Kf7 41. Re5 0-1

[Event "Solingen Karneval op"]
[Site "Solingen"]
[Date "2013.02.08"]
[Round "1"]
[White "Schicktanz, Florian"]
[Black "Anders, Cedric"]
[Result "0-1"]
[WhiteElo "1910"]
[BlackElo "1349"]
[PlyCount "112"]
[EventDate "2013.02.08"]
[EventType "swiss"]
[EventRounds "5"]
[EventCountry "GER"]
[SourceTitle "EXT 2015"]
[Source "ChessBase"]
[SourceDate "2014.11.20"]
[SourceVersion "1"]
[SourceVersionDate "2014.11.20"]
[SourceQuality "1"]

1. d4 d5 2. c4 e6 3. Nc3 Nf6 4. Bg5 Bb4 5. e3 0-0 6. Qb3 Nc6 7. a3 Ba5 8. Bd3 Bxc3+ 9. Qxc3 dxc4 10. Bxc4 h6 11. Bh4 Re8 12. Ne2 Qe7 13. Qc2 Na5 14. Bd3 Nc6 15. Rc1 a6 16. Be4 Bd7 17. d5 exd5 18. Bxf6 Qxe4 19. Qxe4 dxe4 20. Bh4 Rac8 21. Bg3 Ne5 22. 0-0 Bb5 23. Bxe5 Rxe5 24. Rfe1 Bxe2 25. Rxe2 Rd5 26. h3 c6 27. Rc4 f5 28. Rec2 Rcd8 29. Rb4 R8d7 30. Rb6 Rb5 31. Rxb5 axb5 32. Kh2 g5 33. Kg3 Rd3 34. Re2 Kf7 35. h4 Ke6 36. hxg5 hxg5 37. Kh2 c5 38. g3 Ke5 39. Kh3 c4 40. Rc2 f4 41. exf4+ gxf4 42. a4 fxg3 43. fxg3 e3 44. axb5 Rd2 45. Rxc4 e2 46. Rc8 Kd4 47. Re8 Kd3 48. g4 Kc2 49. Kg3 Kd1 50. g5 e1Q+ 51. Rxe1+ Kxe1 52. Kf4 Rxb2 53. g6 Rg2 54. Kf5 Kd2 55. Kf6 Kc3 56. g7 Kc4 0-1

[Event "Dortmund Sparkassen op-B"]
[Site "Dortmund"]
[Date "2012.07.21"]
[Round "8"]
[White "Schicktanz, Florian"]
[Black "Barth, Hans Joachim"]
[Result "1-0"]
[WhiteElo "1545"]
[BlackElo "1658"]
[PlyCount "81"]
[EventDate "2012.07.14"]
[EventType "swiss"]
[EventRounds "9"]
[EventCountry "GER"]
[SourceTitle "EXT 2014"]
[Source "ChessBase"]
[SourceDate "2013.11.20"]
[SourceVersion "1"]
[SourceVersionDate "2013.11.20"]
[SourceQuality "1"]

1. c4 e5 2. Nc3 Nf6 3. g3 d5 4. cxd5 Nxd5 5. Bg2 Nb6 6. d3 Nc6 7. Nf3 Be7 8. a4 0-0 9. a5 Nd5 10. Nxe5 Nxc3 11. Nxc6 Nxd1 12. Nxd8 Nxf2 13. Kxf2 Rxd8 14. a6 Rb8 15. Bf4 Bc5+ 16. Kf1 Bb6 17. Rc1 bxa6 18. Bxc7 Bxc7 19. Rxc7 Rxb2 20. Rxa7 Bg4 21. Kg1 Bxe2 22. Rxa6 Bxd3 23. Ra8 Rxa8 24. Bxa8 h5 25. h4 Bf5 26. Rh2 Rb1+ 27. Kf2 Rb8 28. Bf3 Bg4 29. Bxg4 hxg4 30. Ke3 f5 31. Kf4 g6 32. Kg5 Rb3 33. Kxg6 Rxg3 34. Rd2 Kf8 35. Kxf5 Rg1 36. Kg5 g3 37. h5 g2 38. h6 Kg8 39. Kg6 Rf1 40. h7+ Kf8 41. h8Q+ 1-0